00636nam a2200205Ia 4500001001100000003000500011008004100016010001100057020002900068040000900097082002200106100003000128245009500158260003000253300001100283500005200294650001900346650002500365700004000390Para_10500CHAP220125s9999 xx 000 0 und d a204430 a978 - 84 - 8476 -678 - 0 cCHAP aPA 631.8 N38 2014 aNavarro García, Ginés aFertilizantes química y acción /c Ginés Navarro García, Simón Navarro García aEspaña :b Mundiprensa a229 p. aIncluye referencias bibliográficas e índice aFertilizantes  aQuímica Agrícola aI.Navarro García, Simón, Coaut.